00490nam a22001337a 4500003001100000005001700011008004100028040003900069041000800108082001300116245016900129260004800298650001000346LK-CoMWRAF20230928063446.0230928b |||||||| |||| 00| 0 eng d aLK-CoMWRAFdLK-CoMWRAFeLK-CoMWRAF aeng a297bARE aAre there living beings or life forms other than jinns within the universe other than on the planet earth :bWhat does Al Quran, Al Hadis and science say about this aColombo :bThe moors' Islamic cultural home aIslam